<?xml version="1.0" encoding="UTF-8"?>
<record
    xmlns:xsi="http://www.w3.org/2001/XMLSchema-instance"
    xsi:schemaLocation="http://www.loc.gov/MARC21/slim http://www.loc.gov/standards/marcxml/schema/MARC21slim.xsd"
    xmlns="http://www.loc.gov/MARC21/slim">

  <leader>00708nam a22002417a 4500</leader>
  <controlfield tag="001"> 48402 </controlfield>
  <controlfield tag="003">UA-OsUOA</controlfield>
  <controlfield tag="005">20210513212248.0</controlfield>
  <controlfield tag="007">ta</controlfield>
  <controlfield tag="008">20070905b un ||||| |||| 00| 0 ukr d</controlfield>
  <datafield tag="020" ind1=" " ind2=" ">
    <subfield code="a">966-02-2525-&#x425;</subfield>
  </datafield>
  <datafield tag="040" ind1=" " ind2=" ">
    <subfield code="a">UA-OsUOA</subfield>
    <subfield code="b">ukr</subfield>
    <subfield code="c">UA-OsUOA</subfield>
    <subfield code="d">UA-OsUOA</subfield>
  </datafield>
  <datafield tag="041" ind1=" " ind2=" ">
    <subfield code="a">ukr</subfield>
  </datafield>
  <datafield tag="080" ind1=" " ind2=" ">
    <subfield code="a">82.09(477)</subfield>
  </datafield>
  <datafield tag="090" ind1=" " ind2=" ">
    <subfield code="a">82.09(477)</subfield>
    <subfield code="b">&#x41B;38</subfield>
  </datafield>
  <datafield tag="100" ind1=" " ind2=" ">
    <subfield code="a">&#x41B;&#x435;&#x433;&#x43A;&#x430; &#x41E;.</subfield>
  </datafield>
  <datafield tag="245" ind1=" " ind2=" ">
    <subfield code="a">&#x416;&#x438;&#x442;&#x442;&#x44F; &#x2013; &#x446;&#x435; &#x43B;&#x44E;&#x431;&#x43E;&#x432; </subfield>
    <subfield code="b">&#x435;&#x440;&#x43E;&#x442;&#x438;&#x447;&#x43D;&#x438;&#x439; &#x440;&#x43E;&#x43C;&#x430;&#x43D; &#x443; &#x432;&#x456;&#x440;&#x448;&#x430;&#x445; &#x41D;&#x430;&#x442;&#x430;&#x43B;&#x456; &#x41B;&#x456;&#x432;&#x438;&#x446;&#x44C;&#x43A;&#x43E;&#x457;-&#x425;&#x43E;&#x43B;&#x43E;&#x434;&#x43D;&#x43E;&#x457;</subfield>
  </datafield>
  <datafield tag="260" ind1=" " ind2=" ">
    <subfield code="a">&#x41B;&#x44C;&#x432;&#x456;&#x432;</subfield>
    <subfield code="c">2006</subfield>
  </datafield>
  <datafield tag="300" ind1=" " ind2=" ">
    <subfield code="a">240 &#x441;.</subfield>
  </datafield>
  <datafield tag="650" ind1=" " ind2="7">
    <subfield code="a">82 &#x41B;&#x456;&#x442;&#x435;&#x440;&#x430;&#x442;&#x443;&#x440;&#x430;. &#x41B;&#x456;&#x442;&#x435;&#x440;&#x430;&#x442;&#x443;&#x440;&#x43E;&#x437;&#x43D;&#x430;&#x432;&#x441;&#x442;&#x432;&#x43E;</subfield>
    <subfield code="2">UDC</subfield>
  </datafield>
  <datafield tag="942" ind1=" " ind2=" ">
    <subfield code="c">BK</subfield>
    <subfield code="2">udc</subfield>
  </datafield>
  <datafield tag="955" ind1=" " ind2=" ">
    <subfield code="a">3</subfield>
  </datafield>
  <datafield tag="999" ind1=" " ind2=" ">
    <subfield code="c">334508</subfield>
    <subfield code="d">334508</subfield>
  </datafield>
  <datafield tag="952" ind1=" " ind2=" ">
    <subfield code="0">0</subfield>
    <subfield code="1">0</subfield>
    <subfield code="2">udc</subfield>
    <subfield code="4">0</subfield>
    <subfield code="7">0</subfield>
    <subfield code="8">C_ZHULYNSKYI</subfield>
    <subfield code="a">101</subfield>
    <subfield code="b">101</subfield>
    <subfield code="d">2007-09-05</subfield>
    <subfield code="e">142/2007</subfield>
    <subfield code="g">10.00</subfield>
    <subfield code="i">107127</subfield>
    <subfield code="l">0</subfield>
    <subfield code="o">82.09(477) &#x41B;38</subfield>
    <subfield code="p">107127</subfield>
    <subfield code="r">2022-02-06 00:00:00</subfield>
    <subfield code="w">2007-09-05</subfield>
    <subfield code="y">BK</subfield>
  </datafield>
</record>
